000 00388nam a2200145Ia 4500
008 240825s9999 xx 000 0 und d
020 _a9781408873106
_qpbk
082 _a823.92
_bPRI
100 _aPriestley, Chris
245 0 _aTreasure of the Golden Skull
_c/Chris Priestley
260 _bBloomsbury Publishing
_c2018
300 _a255 pages
650 _aCHILDREN
942 _cENGLISH
999 _c548078
_d548078